000 00271nam a2200109Ia 4500
001 588756
005 20250717120837.0
008 250717s9999 xx 000 0 und d
245 0 _aZ-2 MEZARLIKTAKİ HAZİNE
_cAHMET TEZCAN
260 _bERDEM YAYINLARI
_c2017
300 _b96
999 _c588756
_d588756